Lataa...
Labour and Industrial Cases 2009(3)
| Julkaistu: |
All India Reporter (Pvt) Ltd
2009
|
|---|
| LEADER | 00304nam a22000977a 4500 | ||
|---|---|---|---|
| 074 | |a 6753 | ||
| 245 | |a Labour and Industrial Cases 2009(3) | ||
| 260 | |b All India Reporter (Pvt) Ltd |c 2009 | ||
| 300 | |a 3456p. | ||
| 999 | |c 5159 |d 5159 | ||
| 952 | |0 0 |1 0 |4 0 |7 0 |9 6582 |a NUALS |b NUALS |d 2010-11-24 |l 0 |p 6753 |r 2013-04-11 |t 1 |w 2013-04-11 |y SERIALS | ||